Biblioteca y Centro de Documentación

Specialization then and now (Registro nro. 49543)

Detalles MARC
000 -CABECERA
Longitud fija campo de control 01294naa a2200325 c 4500
001 - NÚMERO DE CONTROL
Número de control 49543
003 - IDENTIFICADOR DE NÚMERO DE CONTROL
Identificador del número de control ES-MaCES
005 - FECHA Y HORA DE LA ÚLTIMA TRANSACCIÓN
Fecha y hora de la última transacción 20170612112521.0
008 - CAMPO FIJO DE DESCRIPCIÓN FIJA--INFORMACIÓN GENERAL
Códigos de información de longitud fija   170612s2017 us ||||| t||||||| ||eng d
040 ## - FUENTE DE CATALOGACIÓN
Centro catalogador de origen ES-MaCES
Lengua de catalogación spa
Centro transcriptor ES-MaCES
Centro modificado ES-MaCES
100 1# - ENCABEZAMIENTO PRINCIPAL--NOMBRE PERSONAL
9 (RLIN) 15587
Nombre de persona Juhn, Chinhui
245 10 - MENCIÓN DE TÍTULO
Título Specialization then and now
Resto del título : childrens, and the gender earnings gap across cohorts
Mención de responsabilidad, etc. Chinhui Juhn, Kristin McCue
504 ## - NOTA DE BIBLIOGRAFÍA, ETC.
Nota de bibliografía, etc. Bibliografía: p. 202-204
650 #4 - ASIENTO SECUNDARIO DE MATERIA--TÉRMINO DE MATERIA
9 (RLIN) 28413
Término de materia o nombre geográfico como elemento inicial trabajadora
650 #4 - ASIENTO SECUNDARIO DE MATERIA--TÉRMINO DE MATERIA
9 (RLIN) 29458
Término de materia o nombre geográfico como elemento inicial diferencia del salario
650 #4 - ASIENTO SECUNDARIO DE MATERIA--TÉRMINO DE MATERIA
9 (RLIN) 30439
Término de materia o nombre geográfico como elemento inicial división del trabajo por sexo
650 #4 - ASIENTO SECUNDARIO DE MATERIA--TÉRMINO DE MATERIA
9 (RLIN) 27108
Término de materia o nombre geográfico como elemento inicial ingreso
650 #4 - ASIENTO SECUNDARIO DE MATERIA--TÉRMINO DE MATERIA
9 (RLIN) 29521
Término de materia o nombre geográfico como elemento inicial discriminación por razones de sexo
650 #4 - ASIENTO SECUNDARIO DE MATERIA--TÉRMINO DE MATERIA
9 (RLIN) 30147
Término de materia o nombre geográfico como elemento inicial igualdad de trato
650 #4 - ASIENTO SECUNDARIO DE MATERIA--TÉRMINO DE MATERIA
9 (RLIN) 27321
Término de materia o nombre geográfico como elemento inicial mujeres casadas
650 #4 - ASIENTO SECUNDARIO DE MATERIA--TÉRMINO DE MATERIA
9 (RLIN) 30598
Término de materia o nombre geográfico como elemento inicial responsabilidades familiares
650 #4 - ASIENTO SECUNDARIO DE MATERIA--TÉRMINO DE MATERIA
9 (RLIN) 27062
Término de materia o nombre geográfico como elemento inicial cuidado infantil
650 #4 - ASIENTO SECUNDARIO DE MATERIA--TÉRMINO DE MATERIA
9 (RLIN) 28889
Término de materia o nombre geográfico como elemento inicial análisis estadístico
650 #4 - ASIENTO SECUNDARIO DE MATERIA--TÉRMINO DE MATERIA
9 (RLIN) 28373
Término de materia o nombre geográfico como elemento inicial Estados Unidos
653 10 - TÉRMINO DE INDEXACIÓN--NO CONTROLADO
Término no controlado Mujer
700 1# - ENCABEZAMIENTO SECUNDARIO--NOMBRE PERSONAL
9 (RLIN) 37264
Nombre de persona McCue, Kristin
773 0# - ENTRADA DE DOCUMENTO FUENTE
Itemnumber del ítem fuente 85924
Lugar, editor y fecha de publicación Nashville (Broadway, 2014, Suite 305, TN 37203-2418) American Economic Association
Otro identificador del documento 088822
Título The journal of economic perspectives
Número de control del registro relacionado (ES-MaCES)25409
Parte(s) relacionada(s) vol. 31, no. 1 (Winter 2017) {10399 R. 088822} ;p. 183-204
902 ## - CES. TIPO DE DOCUMENTO
Tipodoc (006$c Sirtex) ART Artículo de revista
942 ## - ELEMENTOS KOHA
Fuente de clasificaión o esquema Clasificación propia del CES
Koha [por defecto] tipo de item Artículos (1982-2017)
Parte de clasificación Asuntos Sociales

No hay ítems disponibles.

© CES, Consejo Económico y Social de España 2021